Reducción de la mortalidad mediante una mejor detección de la hipertensión y los problemas con el alcohol en atención primaria de salud en España (Record no. 195392)

MARC details
000 -CABECERA
campo de control de longitud fija 02383nab a2200325 a 4500
005 - FECHA Y HORA DE LA ÚLTIMA TRANSACCIÓN
campo de control 20250224093216.0
008 - ELEMENTOS DE LONGITUD FIJA--INFORMACIÓN GENERAL
campo de control de longitud fija 991125c2018 sp qr p o 000 0 spa d
035 ## - NÚMERO DE CONTROL DEL SISTEMA
Número de control de sistema UPN01000223295
040 ## - FUENTE DE LA CATALOGACIÓN
Centro catalogador/agencia de origen UPN
Lengua de catalogación spa
Centro/agencia transcriptor UPN
Normas de descripción aacr2
049 ## - COLECCIÓN
Colección ART-E
100 1# - ASIENTO PRINCIPAL--NOMBRE PERSONAL
Nombre de persona Rehm, Jürgen
Enlace - jtrehm@gmail.com
100 1# - ASIENTO PRINCIPAL--NOMBRE PERSONAL
Nombre de persona Gmel, Gerrit
100 1# - ASIENTO PRINCIPAL--NOMBRE PERSONAL
Nombre de persona Sierra, Cristina
100 1# - ASIENTO PRINCIPAL--NOMBRE PERSONAL
Nombre de persona Gual, Antoni
245 10 - MENCIÓN DE TÍTULO
Título Reducción de la mortalidad mediante una mejor detección de la hipertensión y los problemas con el alcohol en atención primaria de salud en España
Medio [recurso electrónico en línea]
506 0# - NOTA DE RESTRICCIONES AL ACCESO
Limitaciones de acceso Acceso abierto
520 3# - NOTA DE RESUMEN, ETC.
Sumario, etc. Se estudian mediante una simulación los potenciales beneficios que puede comportar una mejora en la detección y tratamiento de la hipertensión y de los problemas relacionados con el alcohol. Los resultados muestran que si el 50% de los varones españoles entre 40 y 64 años que desconocen que padecen hipertensión fuesen detectados y recibiesen tratamiento; y si en el 50% de los varones hipertensos se realizase el cribado de consumo alcohólico y recibieran consejo para la reducción de consumos o tratamiento cuando procediera, el porcentaje de hipertensión no controlada descendería del 61,2% al 55,9% (una reducción del 8,6%). Un tercio del efecto es atribuible a la intervención sobre el alcohol. De forma similar, las mismas intervenciones en mujeres de los mismos grupos etarios implicarían una reducción del 7,4% de la hipertensión no controlada (40% debido a la intervención sobre alcohol). La reducción de la presión arterial en la población permitiría evitar 412 muertes prematuras por patología cardiovascular (346 varones y 66 mujeres) anualmente. Una mejor detección de la hipertensión y el cribado de consumos alcohólicos con las consiguientes intervenciones resultarían en una marcada reducción de la hipertensión no controlada y de las muertes de origen cardiovascular
650 #4 - ASIENTO SECUNDARIO DE MATERIA - TERMINO TEMATICO
Término de materia o nombre geográfico como elemento de entrada Alcoholismo
9 (RLIN) 2121
650 #0 - ASIENTO SECUNDARIO DE MATERIA - TERMINO TEMATICO
9 (RLIN) 8453
Término de materia o nombre geográfico como elemento de entrada Salud
653 0# - TERMINO DE INDIZACION - NO CONTROLADO
Término no controlado Hipertensión
653 0# - TERMINO DE INDIZACION - NO CONTROLADO
Término no controlado Hombres
653 0# - TERMINO DE INDIZACION - NO CONTROLADO
Término no controlado Consumo de alcohol
653 0# - TERMINO DE INDIZACION - NO CONTROLADO
Término no controlado Atención primaria
653 0# - TERMINO DE INDIZACION - NO CONTROLADO
Término no controlado Intervención
773 ## - ENLACE AL DOCUMENTO FUENTE/ENTRADA DE REGISTRO ANFITRIÓN
Parte(s) relacionada(s) Vol. 30, no. 1 (2018), p. 9-18
Título Adicciones
Número Internacional Normalizado para Publicaciones Seriadas 0214-4840
856 4# - LOCALIZACIÓN Y ACCESO ELECTRÓNICOS
Identificador Uniforme del Recurso <a href="http://www.adicciones.es/index.php/adicciones/article/view/726/811">http://www.adicciones.es/index.php/adicciones/article/view/726/811</a>
902 ## - ELEMENTOS DE DATOS B LOCAL, LDB (RLIN)
Creó Gloria Jiménez/0224
905 ## - TIPO DE MATERIAL
Tipo de material Articulo
942 ## - ELEMENTOS DE PUNTO DE ACCESO ADICIONAL (KOHA)
Tipo de ítem Koha Artículo Electrónico
Holdings
Estado de retiro Estado de pérdida Estado dañado No para préstamo Código de colección Localización permanente Ubicación/localización actual Ubicación en estantería Fecha de adquisición Total de préstamos Fecha visto por última vez Identificador Uniforme del Recurso Precio válido a partir de Tipo de ítem Koha
        Acceso abierto Bib. Gregorio Torres Quintero Bib. Gregorio Torres Quintero En línea 27/02/2024   27/02/2024 https://www.adicciones.es/index.php/adicciones/article/view/726/811 27/02/2024 Artículo Electrónico